00895 2200169 4500245006500000020002200065250001000087100001600097650002200113005001900135260004000154041001400194084001000208300004400218500045400262336000900716 aMenggambar Romo Mangun Dari Samping KanancAdo BintorohText a978-623-346-321-8 aCet.1 aAdo Bintoro aBiografi Pendidik a20241011133747 aJakartabPenerbit Buku Kompasc2022 aIndonesia a923.7 axxxiv + 134 (168 hlm), 13 cm * 19 cm : aBuku ini menceritakan pengalaman perjumpaan personal yang sering tidak tertuang dalam gagasan yang terumus dalam buku. Kebanyakaan orang sekarang ini memahami dan mengenali gagasan Romo Mangun dari banyak tulisan dan sedikit gagasan yang terdokumentasikan secara audiovisual. Romo Mangun adalah guru yang baik hati. Hadir menjadi teladan dan mendorong hati orang lain untuk berkreasi. Bekas inspirasi bukan hal yang mati, tetapi suatu gerak dinamis. atext